000 00637cam a2200217 a 4500
001 000009371
005 20200929161554.0
008 910321s1990 sp 000 f spa
020 _a8432246484
035 _a(DLC) 91745748
040 _aDO-SdBNP
_cDLC
_dBNPHU
082 _a863.64
_bN243u
100 1 _aNasarre Ramón, Pilar,
_d1956-
_924152
245 1 3 _aEl último concierto /
_cPilar Nasarre Ramón.
260 _aBarcelona :
_bSeix Barral,
_c1990.
300 _a137 p. ;
_c20 cm.
650 4 _aNovela española
_91123
650 4 _aLiteratura española
_ySIGLO XX
_93326
910 _aCatalogación por copia / LC
049 _aBNGR
999 _c9131
_d9131